000 00575nam a2200145Ia 4500
008 260210s9999 xx 000 0 und d
024 _a16B-068-SE, 16B-084-SE, 16B-047-SE & 16B-097-SE
082 _a005.391072 MAR
100 _aMaryum Ashfaq, Noor Ul Huda, Maryum Javed & Syed Maaz Hussaini
245 0 _aIndoor Campus Navigation
260 _aKarachi:
_bUITU,
_c2016
600 _aSoftware Engineering
650 _aBachelor of Computer Science (BS)
856 _uhttps://drive.google.com/file/d/1rV2C5FyTloCdjxJG8TXmeGYsLZuyYx3i/view?usp=sharing
_yClick here for PDF
999 _c33438
_d33438